Indovina la città - Popolazione - Statistics

Statistiche generali
  • Questo quiz è stato fatto 28 volte
  • Il punteggio medio è 4 su 10
Statistiche sulle risposte
Risposta % Corretto
626.217 Palermo
93%
908.552 Napoli
82%
255.338 Verona
43%
200.048 Brescia
39%
162.443 Perugia
32%
207.724 Padova
29%
99.572 Ancona
25%
126.038 Salerno
14%
55.305 Agrigento
11%
83.297 Catanzaro
7%
Nessun quiz corrispondente trovato
Distribuzione punteggi
Percentuale di utenti per punteggio
Percentile per numero di risposta
I tuoi punteggi nel tempo
Non hai fatto questo quiz